Psicología del niño /
Guardado en:
| Autor Principal: | |
|---|---|
| Formato: | Libro |
| Publicado: |
Barcelona :
Labor,
1932
|
| Edición: | 3a. ed. |
| Materias: | |
| Etiquetas: |
Agregar Etiqueta
Sin Etiquetas, Sea el primero en etiquetar este registro!
|
| LEADER | 00460nam a22001695a 4500 | ||
|---|---|---|---|
| 001 | CEM.cems002819 | ||
| 005 | 20060221000000.0 | ||
| 008 | 130507s1932##################000#0#####d | ||
| 003 | CEMS | ||
| 082 | 0 | 4 | |a 136.7 |
| 100 | 1 | |a Gaupp, Robert | |
| 245 | 1 | 0 | |a Psicología del niño / |c Robert Gaupp |
| 250 | |a 3a. ed. | ||
| 260 | |a Barcelona : |b Labor, |c 1932 | ||
| 300 | |a 253 p. | ||
| 653 | |a Psicologia del niño | ||
| 859 | |a CEMS |b BIB. CEMS - 11 de abril |h 136.7 |i G236a3 |p 5927.77 |t Ej.1 | ||
